Learn Correct English: (Record no. 189503)

MARC details
000 -LEADER
fixed length control field 00630nam a22001937a 4500
005 - DATE AND TIME OF LATEST TRANSACTION
control field 20220906152940.0
010 ## - LCCN (DPL NO)
LC control number B-745490
020 ## - INTERNATIONAL STANDARD BOOK NUMBER
International Standard Book Number 8187542829
Terms of availability 450.00
035 ## - SYSTEM CONTROL NUMBER
System control number B-745490
037 ## - SOURCE OF ACQUISITION
Source of stock number/acquisition PinkCIty Publishers
100 ## - MAIN ENTRY--PERSONAL NAME
Personal name Varma, Ravi S.
245 ## - TITLE STATEMENT
Title Learn Correct English:
Remainder of title (English-Hindi)/
Statement of responsibility, etc Ravi S. Varma and Sanjay Dutta
260 ## - PUBLICATION, DISTRIBUTION, ETC. (IMPRINT)
Place of publication, distribution, etc Jaipur
Name of publisher, distributor, etc Pink City
Date of publication, distribution, etc 2021
270 ## - ADDRESS
Address Ram Bhawam,Chaura Rasta
City Jaipur
Postal code 302003
300 ## - PHYSICAL DESCRIPTION
Extent xvi,656p.
Dimensions 21cm(Pbk)
700 ## - ADDED ENTRY--PERSONAL NAME
Personal name Dutta, Sanjay
942 ## - ADDED ENTRY ELEMENTS (KOHA)
Source of classification or shelving scheme Dewey Decimal Classification
Item type English Books
Call number suffix VAR
Classification part 485
Holdings
Withdrawn status Lost status Not for loan Collection code Home library Current library Date acquired Source of acquisition Cost, normal purchase price Full call number Barcode Copy number Cost, replacement price Koha item type Public note
      Non-fiction Kadipur Kadipur 06/09/2022 06.09.22/ Gift 450.00 485 VAR B-745490 1 450.00 English Books Gift

© Delhi Public Library
Hit Counter
free hit counter